00681 a2200217 4500003000500000005001700005010001700022020002600039040000900065082001000074100003800084245008000122260003600202300003400238490004600272500002000318650002400338650003400362651004500396700002200441Nust20170207154053.0 a 2009018445 a9780470500804 (cloth) cNust00a658.41 aHarold Kerzner, Frank P. Saladis.10aValue-driven project management (E-Book)cHarold Kerzner, Frank P. Saladis. aHoboken, N.J. :bWiley,cc2009. axii, 276 p. :bill. ;c24 cm.0 aThe IIL/Wiley series in proect management aIncludes index. 0aProject management. 0aValue analysis (Cost control) aValue-driven project management (E-Book)1 aSaladis, Frank P.